Hungry crops : a guide to nutrient deficiencies in field crops /

Guardado en:
Autor Principal: Grundon, N. J. 1941-
Formato: Libro
Idioma:English
Publicado: Brisbane : Queensland Department of Primary Industries, 1987.
Series:Queensland Department of Primary Industries. Information Series ; QI87002,
Etiquetas: Agregar Etiqueta
Sin Etiquetas, Sea el primero en etiquetar este registro!
LEADER 00681nam a22001815a 4500
001 EEA.libagro005018
005 20181012113805.0
008 130809s1987####at#a##########000#0#eng#d
020 |a 0724223150 
082 0 4 |a 633.089 
082 0 4 |a 581.213 
082 0 4 |a 631.4 
100 1 |a Grundon, N. J.  |q (Noel J.),  |d 1941- 
245 1 0 |a Hungry crops :  |b a guide to nutrient deficiencies in field crops /  |c N.J. Grundon. 
260 |a Brisbane :  |b Queensland Department of Primary Industries,  |c 1987. 
300 |a ix, 246 p. :  |b il. col. ;  |c 26 cm. 
490 1 |a Queensland Department of Primary Industries. Information Series ;  |v QI87002,  |x 0727-6273 
859 |a AR-BbBCA  |b BIB. AGRONOMIA  |h 633.089  |i G889  |p 1995/2272